Blumen benennen - Statistiken

Allgemein
  • Dieses Quiz wurde 323 mal gespielt
  • Das Durchschnittsergebnis liegt bei 7 aus 12
Antwortstatistiken
Bildquiz Antwort % Korrekt
Tulpe
100%
Rose
95%
Sonnenblume
95%
Seerose
86%
Gänseblümchen
81%
Narzisse
63%
Lilie
61%
Hortensie
55%
Veilchen
55%
Glockenblume
30%
Anemone
13%
Hänsel und Gretel
2%
Keine übereinstimmenden Quizze gefunden
Verteilung der Resultate
Anzahl Personen mit jedem Resultat
Perzentil nach korrekt beantworteten Fragen
Ihre Resultats-Entwicklung
Sie haben dieses Quiz noch nicht gespielt